000 01665cam a22004337a 4500
003 CHAP
005 20220329142824.0
008 040519s2001 mx a r 00010 spa d
010 _a88288
011 _a89260
035 _a99811
040 _cCHAP
090 _aTesis
100 0 0 _aGarcía Ponce, Gilberto.
_946465
245 1 0 _aCapacitación en producción organopónica en comunidades del Ajusco, D.F. :
_buna experiencia de campo
_c/por Gilberto García Ponce y Oscar López Domínguez
260 _aChapingo, Méx. :
_bEl autor,
_c2004.
300 _a83 h. ;
_bmapas
502 _aTesis (Ing. en Agroecología) -- UACH. Departamento de Agroecología
530 _aTambién disponible en línea
590 _aALEPH
_b10
_c20130110
_lUCH01
_h1457
590 _aBATCH-UPD
_b10
_c20130110
_lUCH01
_h0204
590 _aBATCH-UPD
_b10
_c20130110
_lUCH01
_h0750
590 _aBATCH-UPD
_b10
_c20130409
_lUCH01
_h2215
590 _aBATCH-UPD
_b10
_c20130410
_lUCH01
_h0810
590 _aBATCH-UPD
_b10
_c20130913
_lUCH01
_h2157
590 _aBATCH-UPD
_b10
_c20140324
_lUCH01
_h1443
590 _aBATCH-UPD
_b10
_c20141002
_lUCH01
_h0821
590 _aCONVERSION
_b10
_c20130109
_lUCH01
_h1349
650 1 4 _aAgricultura urbana.
_92030
650 1 4 _aAgricultura
_xTransferencia de tecnología.
_91885
650 1 4 _aProyectos de desarrollo.
_992528
700 1 _aLópez Domínguez, Oscar.
_967840
856 _3Finding aid
_uhttp://10.13.5.2/tesis/99811.pdf
_zTeclea aqui
901 _aBK
905 _aAlejandra Carrasco M.
942 _cFOLL
949 _aTesis
_bBC
_cTES
_d33724000922142
_eTS2
_fc.2
_h41789
_i99811
_sb
949 _aTesis
_bBC
_cTES
_d998111
_eTS1
_h41788
_i99811
_sb
999 _c88288
_d88288